[Event "TUR Cup"]
[Site "Denizli"]
[Date "2023.07.17"]
[Round "2"]
[White "Guleryuz, Kuzey"]
[Black "Bicicioglu, Ismail Tuna"]
[Result "1-0"]
[WhiteElo "1744"]
[BlackElo "1445"]
[PlyCount "34"]
[EventDate "2023.07.16"]
[EventType "team-tourn"]
[EventRounds "9"]
[EventCountry "TUR"]
[SourceTitle "CBM 215 Extra"]
[Source "ChessBase"]
[SourceDate "2023.09.30"]
[SourceVersion "1"]
[SourceVersionDate "2023.09.30"]
[SourceQuality "1"]

1. e4 c5 2. Nc3 Nc6 3. Bb5 e6 4. Bxc6 bxc6 5. d3 Ne7 6. f4 d5 7. Nf3 Ng6 8. 0-0 Bd6 9. e5 Bc7 10. Ne2 0-0 11. Be3 Bb6 12. Bf2 Qc7 13. h4 Ne7 14. h5 h6 15. g4 c4 16. d4 c5 17. c3 cxd4 1-0